| 000 | 004350000a22001450004500 | ||
|---|---|---|---|
| 020 | _a0-88113-097-4 | ||
| 041 | 0 | _aSPA | |
| 082 | 0 | 4 | _aG 228.06 Blo |
| 100 | 1 | _aBloomfield, Arthur E. (1895-) | |
| 245 | 1 | 0 | _aEl futuro glorioso del planeta tierra : Paso a paso, las etapas finales proféticas de este planeta / Arthur E. Bloomfield |
| 260 | _aCaparra Terrace, Puerto Rico : Betania | ||
| 300 | _a251 Pag. | ||
| 001 | 3063 | ||
| 942 | _cBK | ||
| 999 |
_c33774 _d33774 |
||